000 01168nam a22003737a 4500
001 0074
003 DO-SdBNP
005 20180126104118.0
007 0074
008 151102b 1983 sp ||| 00| 0 spa d
020 _a8475251285
040 _aBPMSU
_bspa
_cBPMSU
041 1 7 _aspa
_h
082 _a891.73
_bP987h
092 _a
_b
100 1 0 _aPushkin, Alexandr S.,
_d1799-1837
240 _aKanhtahckar aoyka
_lEspañol
245 1 3 _aLa hija del capitán /
_cAlexandr S. Pushkin ; traducción Amaya Lacasa ; ilustración Hugo Figueroa
260 _aMadrid :
_bEdiciones Generales Anaya,
_c1983
300 _a200 p. :
_bil.;
_c20 cm.
490 1 0 _aTus libros;
_aAventuras
_v34
504 _aIncluye notas y referencias bibliográficas al pie de las páginas
504 _aBibliografías : p. 199-200
650 _aNOVELA RUSA
650 _aLITERATURA RUSA
700 1 0 _aLacasa, Amaya,
_etraductor
700 1 0 _aFigueroa, Hugo,
_eilustración
830 0 0 _aTus libros
_a
_pAventuras
_v34
830 0 0 _n34
942 _2ddc
_cBK
945 _aInventariado extranjero / 2018 VM
956 _aBrenda Tavárez
956 _aVMATEO
_b10
_c20161026
_dBPMSU
_f0069
999 _c8514
_d8514